000 00392nam a22001457a 4500
999 _c7879
_d7879
003 OSt
005 20200528113308.0
008 200528b ||||| |||| 00| 0 eng d
020 _a9789383784318
082 _a338.927
_bGAR
100 _aGarg, Parveen
245 _aEnvironmental awareness among societies and sustainable development
260 _aDelhi
_bNeeraj Publishing House
942 _2ddc